| 000 | 00664nam a2200241Ia 4500 | ||
|---|---|---|---|
| 003 | OSt | ||
| 005 | 20220926044206.0 | ||
| 006 | a|||||r|||| 00| 0 | ||
| 007 | ta | ||
| 008 | 220923b |||||||| |||| 00| 0 eng d | ||
| 037 | _cGeneral Book | ||
| 040 |
_aRTL _cRTL _beng |
||
| 041 |
_2eng _aeng |
||
| 082 | _aL:(X:75), L3 | ||
| 245 | 0 | _aPRACTICE OF planning in health care institutions | |
| 260 | _c1973 | ||
| 300 |
_aiz, 100p. _ccm. |
||
| 490 | _aAmerican Hospital Association, Publication | ||
| 500 | _aBibliography: P 95-97; Glossary: P 95-97 | ||
| 650 |
_aMedicine _94387 |
||
| 942 |
_hL:(X:75), L3 _cGB _2CC |
||
| 999 |
_c674194 _d674194 |
||